[Event "Floripa Super Blitz 2019"]
[Site "Florianopolis"]
[Date "2019.01.23"]
[Round "3"]
[White "Fier, Alexandr"]
[Black "Souza, Iago Henrique da Si"]
[Result "1-0"]
[WhiteElo "2540"]
[BlackElo "2060"]
[Annotator "ChessBase"]
[PlyCount "37"]
[EventDate "2019.01.23"]
[EventType "swiss"]
[EventCountry "BRA"]
[SourceTitle "playchess.com"]
[Source "ChessBase"]
[SourceQuality "1"]
[TimeControl "180+2"]

1. d4 {[%emt 0:00:00]} d5 {[%emt 0:00:00]} 2. Bg5 {[%emt 0:00:00]} c6 {[%emt 0:00:01]} 3. e3 {[%emt 0:00:01]} Bf5 {[%emt 0:00:01]} 4. Nd2 {[%emt 0:00:04]} Nf6 {[%emt 0:00:01]} 5. Bxf6 {[%emt 0:00:02]} gxf6 {[%emt 0:00:01]} 6. Bd3 {[%emt 0:00:01]} Bg6 {[%emt 0:00:01]} 7. h4 {[%emt 0:00:05]} e5 {[%emt 0:00:04]} 8. h5 {[%emt 0:00:05]} Bxd3 {[%emt 0:00:01]} 9. cxd3 {[%emt 0:00:01]} Bd6 {[%emt 0:00:02]} 10. Ne2 {[%emt 0:00:06]} Nd7 {[%emt 0:00:00]} 11. Nf3 {[%emt 0:00:01]} Qe7 {[%emt 0:00:05]} 12. a3 {[%emt 0:00:01]} a5 {[%emt 0:00:03]} 13. Nh4 {[%emt 0:00:03]} Qe6 {[%emt 0:00:29]} 14. e4 {[%emt 0:00:01]} dxe4 {[%emt 0:00:14]} 15. dxe4 {[%emt 0:00:01]} exd4 {[%emt 0:00:07]} 16. Nf5 {[%emt 0:00:01]} Bc5 {[%emt 0:00:16]} 17. O-O {[%emt 0:00:02]} O-O {[%emt 0:00:22]} 18. Nf4 {[%emt 0:00:04]} Qe5 {[%emt 0:00:10]} 19. Qg4+ {[%emt 0:00:02]} 1-0

[Event "Floripa Super Blitz 2019"]
[Site "Florianopolis"]
[Date "2019.01.23"]
[Round "3"]
[White "Sunye Neto, Jaime"]
[Black "Acosta, Pablo Alejandro"]
[Result "1-0"]
[WhiteElo "2446"]
[BlackElo "1981"]
[Annotator "TA"]
[PlyCount "66"]
[EventDate "2019.01.23"]
[EventType "swiss"]
[EventCountry "BRA"]
[SourceTitle "playchess.com"]
[Source "ChessBase"]
[SourceQuality "1"]

{[%evp 19,66,-6,12,0,47,59,80,68,88,89,99,3,49,41,65,25,104,104,122,99,129,140,131,101,108,106,120,116,109,96,111,90,122,119,395,392,533,531,497,439,623,616,1381,999,973,960,2739,1288,29995]} 1. c4 e6 2. Nf3 d5 3. d4 Nf6 4. Nc3 Be7 5. Bg5 O-O 6. e3 h6 7. Bh4 b6 8. Bxf6 Bxf6 9. cxd5 exd5 10. Be2 Be6 11. O-O {D58: Queen's Gambit Declined: Tartakower Defence} Nd7 (11... c5 12. Rc1 Nc6 13. Na4 c4 14. b3 b5 15. Nc5 Be7 16. Nxe6 fxe6 17. bxc4 bxc4 18. Qa4 Qd6 {½-½ (38) Korobov,A (2705)-Hracek,Z (2628) Legnica 2013}) 12. Bb5 c5 $146 ({Predecessor:} 12... Nb8 13. Qa4 Qd6 14. Rfd1 c6 15. Be2 Bf5 16. Rac1 Nd7 17. b4 b5 18. Qa6 Nb6 19. a4 Bc8 20. Qa5 Nc4 {0-1 (20) Ortega Ruiz,J (2278)-Kaza,P (2097) Linares 2005}) 13. Bc6 {White is better.} Rc8 14. Bxd5 Bg4 15. dxc5 (15. Re1 $16) 15... Nxc5 (15... Bxc3 $5 16. bxc3 Rxc5 $11) 16. Rc1 Qe7 17. Qe2 g6 (17... Rfd8 $11 {remains equal.} 18. Bc4 Nd7) 18. h3 $16 Bf5 19. Rfd1 Rfe8 20. Nd4 Bd7 21. Bf3 Kg7 22. Nd5 Qe5 23. Nxf6 Qxf6 24. b3 {[%cal Bb2b3,Bb3b4][%mdl 32]} Rcd8 25. Rd2 Bc8 26. Qd1 Ba6 $2 {[%mdl 8192]} (26... Rf8 $16 {was worth a try.} 27. Rc3 Ne6) 27. b4 $18 Ne4 28. Bxe4 {White is clearly winning.} Rxe4 {[#]} 29. Nf5+ $1 {[%mdl 576] Discovered Attack, Deflection} Qxf5 (29... gxf5 $142 30. Rxd8 f4) 30. Rxd8 Bb7 31. Rd7 Ba8 32. Rcc7 h5 33. Qb3 (33. Qa1+ $142 Qe5 34. Rxf7+ Kg8 35. Qd1) 33... Qb5 {Accuracy: White = 50%, Black = 28%.} 1-0

[Event "Floripa Super Blitz 2019"]
[Site "Florianopolis"]
[Date "2019.01.23"]
[Round "3"]
[White "Pereira, Geanfrancesco"]
[Black "Cubas, Jose Fernando"]
[Result "0-1"]
[WhiteElo "2028"]
[BlackElo "2506"]
[Annotator "TA"]
[PlyCount "64"]
[EventDate "2019.01.23"]
[EventType "swiss"]
[EventCountry "BRA"]
[SourceTitle "playchess.com"]
[Source "ChessBase"]
[SourceQuality "1"]

{[%evp 11,64,30,44,7,10,-10,0,-37,35,20,66,57,70,18,25,0,53,-15,-19,-53,-43,-52,-18,-21,-28,-24,-17,-30,-29,-32,10,-4,33,18,18,-52,-63,-577,-573,-574,-574,-552,-522,-562,-525,-518,-510,-591,-584,-781,-709,-5135,-4890,-29984,-29985]} 1. c4 Nf6 2. Nc3 g6 {[%cal Bg7g6,Bg6g5][%mdl 32]} 3. g3 d5 4. cxd5 Nxd5 5. Bg2 Nb6 6. h4 {[%cal Bh2h4,Bh4h5][%mdl 32]} h6 {LiveBook: 19 Games. A16: English Opening: 1...Nf6 with ...d5} 7. h5 $146 ({Predecessor:} 7. d3 Bg7 8. Be3 N8d7 9. Qd2 Nf6 10. Nf3 Ng4 11. Bc5 O-O 12. Rc1 Re8 13. O-O e5 14. Rfd1 {½-½ (46) Le,Q (2717)-Robson,R (2583) Lubbock 2011}) 7... g5 $1 8. b3 Bg7 {The position is equal.} 9. Bb2 N8d7 ({Black should try} 9... O-O $15) 10. Qc2 Nf6 11. Nf3 c6 12. a4 (12. Nd1 $14) 12... a5 $11 13. Rd1 Be6 (13... Ng4 $11) 14. d4 ({White should play} 14. e4 $14) 14... Nbd5 15. Nxd5 Qxd5 16. Ba3 Qxb3 17. Qxb3 Bxb3 18. Rb1 Bxa4 {...b5 is the strong threat.} 19. Rxb7 O-O 20. Bxe7 Rfe8 21. Ne5 Nd5 22. Bxd5 cxd5 23. Bd6 (23. Kd2 $11) 23... Re6 24. Rb8+ $2 {[%mdl 8192] [#]} (24. Ba3 $15) 24... Rxb8 $19 25. Bxb8 Rb6 26. Kd2 Rxb8 27. Ra1 Bxe5 28. dxe5 Rb4 29. Kc3 d4+ {[%cal Bd5d4,Bd4d3,Bd3e2][%mdl 32]} 30. Kd3 Bb5+ 31. Ke4 d3+ 32. Kf5 dxe2 {Precision: White = 20%, Black = 56%.} 0-1

[Event "Floripa Super Blitz 2019"]
[Site "Florianopolis"]
[Date "2019.01.23"]
[Round "3"]
[White "Hille, Willian Henrique"]
[Black "Quintiliano Pinto, Renato R."]
[Result "1/2-1/2"]
[WhiteElo "2012"]
[BlackElo "2441"]
[Annotator "TA"]
[PlyCount "71"]
[EventDate "2019.01.23"]
[EventType "swiss"]
[EventCountry "BRA"]
[SourceTitle "playchess.com"]
[Source "ChessBase"]
[SourceQuality "1"]

{[%evp 11,71,0,3,-25,-16,-18,-22,-27,-21,-15,-20,-41,-28,-32,-33,-40,-31,-46,-29,-36,-37,-35,0,0,0,0,0,0,0,0,10,8,70,52,62,47,58,63,157,153,230,212,256,206,261,258,268,264,255,262,284,253,222,70,175,0,223,0,173,0,239,-1285]} 1. f4 (1. g3 g6 2. Bg2 d5 3. f4 Nf6 {½-½ (43) Mamedyarov,S (2765)-Harikrishna,P (2727) Beijing 2014}) 1... d5 2. Nf3 Nf6 3. g3 g6 4. Bg2 Bg7 5. d3 (5. O-O O-O {½-½ (43) Mamedyarov,S (2765)-Harikrishna,P (2727) Beijing 2014}) 5... O-O 6. O-O Nc6 7. Qe1 {A03: Bird's Opening with 1...d5} Qd6 (7... Re8 8. Ne5 Nxe5 9. fxe5 Ng4 10. d4 f6 11. h3 Nh6 12. Bf4 Nf7 13. Qc3 c6 14. Nd2 fxe5 15. dxe5 {½-½ (43) Mamedyarov,S (2765)-Harikrishna,P (2727) Beijing 2014}) 8. c3 e5 9. fxe5 {The position is equal.} Nxe5 10. Nxe5 Qxe5 11. Bf4 Qe7 12. Nd2 $146 ({Predecessor:} 12. Bg5 Qc5+ 13. Qf2 Qxf2+ 14. Rxf2 Ng4 {½-½ (26) Heidrich,M (2259)-Kvetny,M (2157) Nuremberg 2011}) 12... Nh5 13. Qf2 Nxf4 14. gxf4 c6 15. e4 dxe4 16. dxe4 f5 17. e5 Rd8 18. Nf3 {[%cal Bd2f3,Bf3d4,Bd4c2,Bc2e3][%mdl 32]} Be6 19. Nd4 Bc4 20. Rfe1 c5 21. Nc2 Bd5 (21... g5 $11) 22. Ne3 Bxg2 23. Qxg2 c4 24. Rad1 Rxd1 (24... Rd3 $14) 25. Rxd1 $16 (25. Nxd1 Bh6 $11) 25... Rc8 (25... Qf7 $16 26. a4 Bf8) 26. Qd5+ $18 {[%mdl 64] Double Attack} Kh8 27. Nxc4 Qh4 28. Nd6 {[%mdl 64] White wants to mate with Nf7+. Double Attack} Qg4+ 29. Kh1 {Nf7+ would kill now.} Rf8 {[#]} 30. Rf1 $1 {aiming for Nf7+.} Qe2 {[%cal Re2f1]} 31. Qg2 Qd3 32. Rf3 $2 (32. Nxb7 $6 Rb8) (32. Qf3 $18 Qa6 33. a3) 32... Qd1+ (32... Qb1+ $1 $14 33. Rf1 Qd3) 33. Rf1 Qd3 34. Rf3 ({But not} 34. Nxb7 $6 Rb8) 34... Qd1+ {[#]} 35. Rf1 (35. Qf1 $142 $1 {[%cal Rf1d1]} Qa4 36. a3) 35... Qd3 36. Rd1 $4 {[%mdl 40960] Accuracy: White = 54%, Black = 36%. . An unexpected result.} ({Resist} 36. Nxb7 $6 Rb8 $16) (36. Qf3 $18 Qxf3+ 37. Rxf3) 1/2-1/2

[Event "Floripa Super Blitz 2019"]
[Site "Florianopolis"]
[Date "2019.01.23"]
[Round "4"]
[White "Cubas, Jose Fernando"]
[Black "Broday, Geovani Allan"]
[Result "1-0"]
[WhiteElo "2506"]
[BlackElo "2129"]
[Annotator "TA"]
[PlyCount "75"]
[EventDate "2019.01.23"]
[EventType "swiss"]
[EventCountry "BRA"]
[SourceTitle "playchess.com"]
[Source "ChessBase"]
[SourceQuality "1"]

{[%evp 13,75,0,0,-41,-33,-33,-37,-40,0,-23,-8,-44,-39,-55,15,-27,87,14,4,8,47,8,-3,7,148,137,156,136,157,146,155,151,147,152,170,166,178,166,279,279,352,345,342,342,443,437,429,419,447,437,452,434,489,441,704,508,1566,1224,1475,1128,5916,5900,29991,2292]} 1. g3 Nf6 2. Bg2 d5 3. f4 c5 4. Nf3 Nc6 5. O-O g6 6. d3 Bg7 7. Nc3 O-O {LiveBook: 55 Publish game on website} 8. Qe1 {A03: Bird's Opening with 1...d5} (8. e4 dxe4 9. dxe4 Qxd1 10. Rxd1 e5 11. Nxe5 Nxe5 12. fxe5 Ng4 13. Nd5 Nxe5 14. Bg5 Bg4 15. Rf1 Be6 16. Nc7 Rac8 17. Nxe6 fxe6 {½-½ (53) Nepomniachtchi,I (2714)-Wojtaszek,R (2744) Beijing 2014}) 8... d4 9. Ne4 Nxe4 10. dxe4 {Black is slightly better.} b5 $146 ({You set blue moves yourself with the critical opening position annotation.:} 10... e5 11. e3 Nb4 12. Qf2 f5 13. exd4 fxe4 14. Nxe5 cxd4 15. Qe2 d3 16. Qxe4 Nxc2 {1-0 (49) Gasik,A (2244)-Jacke,C (2030) Germany 2012}) 11. e5 Bb7 12. a3 Qb6 13. g4 e6 (13... Rad8 $15) 14. Qh4 Qd8 {[#]} (14... c4 $11) 15. Qg3 ({Reject} 15. Ng5 $6 h6 $11) (15. Qh3 $1 $16) 15... f6 $11 16. exf6 Qxf6 {[#]} 17. Ne5 $1 {[%mdl 512]} Nxe5 18. Bxb7 Nc4 (18... Rab8 $11 {remains equal.} 19. Be4 Rbc8) 19. Bxa8 $16 Rxa8 20. Qf3 Rf8 21. Rb1 Qh4 22. Qg3 Qe7 23. b3 Nd6 24. Qg2 Kh8 25. e4 dxe3 (25... e5 {was called for.} 26. fxe5 Qxe5 27. Rxf8+ Bxf8) 26. Bxe3 $18 c4 27. Bc5 Qc7 28. b4 Rf7 29. Rbd1 Nb7 30. Bd4 Bxd4+ 31. Rxd4 Qb6 32. c3 Rd7 33. Rfd1 Rf7 (33... Rxd4 $142 34. Rxd4 Nd6) 34. Kh1 {Black must now prevent &Vd7.} a5 (34... Qc7 $142 35. a4 bxa4) 35. Qe4 axb4 36. axb4 Kg7 37. Rd7 Nd8 38. Rxd8 {NOTEXT-4805: Tournament = 53%, Annotator = 17%.} (38. Qe5+ $142 Kh6 39. g5+ Kh5 40. Qe2+ Kh4 41. Qe1+ Kg4 42. Qg3+ Kf5 43. Qh3+ Kxf4 44. R7d4+ Qxd4 45. Rxd4+ Kxg5 46. Qh4+ Kf5 47. Qf4#) 1-0

[Event "Floripa Super Blitz 2019"]
[Site "Florianopolis"]
[Date "2019.01.23"]
[Round "4"]
[White "Stamenkovic, Dragan"]
[Black "Maldonado, Roberto"]
[Result "1-0"]
[WhiteElo "2378"]
[BlackElo "1974"]
[Annotator "NA"]
[PlyCount "64"]
[EventDate "2019.01.23"]
[EventType "swiss"]
[EventCountry "BRA"]
[SourceTitle "playchess.com"]
[Source "ChessBase"]
[SourceQuality "1"]
[TimeControl "180+2"]

1. d4 {[%emt 0:04:06]} Nf6 {[%emt 0:00:05]} 2. Bg5 {[%emt 0:00:02]} e6 {[%emt 0:00:02]} 3. e4 {[%emt 0:00:04]} Be7 {[%emt 0:00:05]} 4. Nd2 {[%emt 0:00:10]} d5 {[%emt 0:00:06]} 5. e5 {[%emt 0:00:04]} Nfd7 6. Bxe7 Qxe7 7. c3 {[%emt 0:00:08]} c5 8. Ngf3 {[%emt 0:00:18]} Nc6 {[%emt 0:00:01]} 9. a3 {[%emt 0:00:06]} c4 {[%emt 0:00:11]} 10. Be2 {[%emt 0:00:03]} b5 11. O-O {[%emt 0:00:02]} a5 {[%emt 0:00:02]} 12. Ne1 {[%emt 0:00:13]} f6 {[%emt 0:00:31]} 13. f4 {[%emt 0:00:04]} O-O {[%emt 0:00:03]} 14. Nc2 {[%emt 0:00:18]} fxe5 {[%emt 0:00:10]} 15. fxe5 {[%emt 0:00:02]} Bb7 {[%emt 0:00:03]} 16. Rxf8+ {[%emt 0:00:00]} Rxf8 {[%emt 0:00:02]} 17. Nf3 Rf4 {[%emt 0:00:24]} 18. Qd2 {[%emt 0:00:03]} Qf8 {[%emt 0:00:01]} 19. Ng5 {[%emt 0:00:00]} Nd8 {[%emt 0:00:04]} 20. Nh3 {[%emt 0:00:00]} Rf7 {[%emt 0:00:15]} 21. Bh5 {[%emt 0:00:00]} g6 {[%emt 0:00:08]} 22. Bg4 {[%emt 0:00:00]} h5 {[%emt 0:00:04]} 23. Be2 {[%emt 0:00:00]} Qg7 {[%emt 0:00:23]} 24. Qg5 {[%emt 0:00:00]} Rf8 {[%emt 0:00:15]} 25. Nf4 {[%emt 0:00:00]} Kh7 {[%emt 0:00:21]} 26. Rf1 {[%emt 0:00:00]} Nf7 {[%emt 0:00:12]} 27. Qe7 {[%emt 0:00:00]} Ng5 {[%emt 0:00:11]} 28. Qxg5 {[%emt 0:00:00]} Rf5 {[%emt 0:00:08]} 29. Qg3 {[%emt 0:00:00]} Nf8 {[%emt 0:00:04]} 30. Ne3 {[%emt 0:00:00]} Rf7 {[%emt 0:00:03]} 31. Bd1 {[%emt 0:00:10]} Bc8 {[%emt 0:00:01]} 32. Bc2 {[%emt 0:00:00]} Kh6 {[%emt 0:00:18]} 1-0

[Event "Floripa Super Blitz 2019"]
[Site "Florianopolis"]
[Date "2019.01.23"]
[Round "4"]
[White "Campelo, Leandro Fabricio"]
[Black "Fier, Alexandr"]
[Result "0-1"]
[WhiteElo "2201"]
[BlackElo "2540"]
[Annotator "TA"]
[PlyCount "94"]
[EventDate "2019.01.23"]
[EventType "swiss"]
[EventCountry "BRA"]
[SourceTitle "playchess.com"]
[Source "ChessBase"]
[SourceQuality "1"]

{[%evp 11,94,22,55,62,60,58,69,21,46,16,18,0,14,-20,0,-3,0,-17,-3,0,48,69,65,47,248,165,164,151,242,242,253,225,226,217,193,130,147,123,178,140,143,139,127,90,229,103,117,111,80,16,16,0,0,0,0,0,0,0,9,9,12,8,8,0,0,0,0,-2,0,-2,-2,-8,-14,-60,-60,-60,-60,-94,-60,-94,-94,-99,-94,-29990,-29991]} 1. e4 c5 2. Nf3 e6 3. d4 cxd4 4. Nxd4 a6 5. Nc3 d6 6. Be3 Ne7 {LiveBook: 4 Games. B54: Sicilian: 2...d6 3 d4 cxd4 4 Nxd4, Unusual Lines} 7. Qd2 Nec6 8. f4 $146 ({Predecessor:} 8. O-O-O Be7 9. Kb1 O-O 10. g4 b5 11. h4 Bb7 12. g5 b4 13. Na4 Nxd4 14. Qxd4 {0-1 (25) Grischuk,A (2766)-Duda,J (2737) chess.com INT 2018}) 8... b5 {White is slightly better.} 9. a3 Bb7 10. Bd3 Be7 11. O-O O-O 12. Kh1 Bf6 13. Nxc6 Nxc6 14. Qe2 Bxc3 15. bxc3 e5 16. f5 $1 f6 17. a4 b4 $2 (17... Ne7 $14) 18. Bc4+ Kh8 19. Rf3 {Hoping for Rh3.} Na5 (19... Ne7 $16) 20. Be6 $18 ({Inferior is} 20. cxb4 Nxc4 21. Qxc4 Rc8 $15) 20... Bc8 {intending ...Bxe6.} ({Not} 20... bxc3 $2 21. Rh3 $18) 21. cxb4 {aiming for Bd5.} Bxe6 22. fxe6 Nc6 {[#]} 23. Qc4 (23. Rh3 $1 $18 {White threatens Qh5 and mate.} g5 24. Qh5) 23... Rc8 $16 24. Qb3 Qe8 (24... Qe7 $16 {was worth a try.}) 25. b5 axb5 26. axb5 Nd8 27. b6 Nxe6 (27... Qxe6 $16 28. Bg1 Qg8) 28. Ra7 (28. b7 $18 {and White stays clearly on top.} Rd8 29. Bb6) 28... Nd4 29. Bxd4 $1 exd4 30. b7 (30. Qd3 $16) 30... Qxe4 $11 {( -> ...Qe1+)} 31. h3 Rb8 32. Rd3 Rfe8 33. Qb4 h6 34. Qxd4 Rxb7 35. Qxe4 Rb1+ 36. Kh2 Rxe4 37. Rxd6 {[%mdl 4096] Endgame Strongly threatening Rdd7. KRR-KRR} Re5 38. Rdd7 Rg5 39. Rd2 h5 40. c4 Rc1 41. Rc7 $1 Kh7 42. c5 (42. Ra2 {is more complex.} Kh6 43. Rd2 Ra5 44. Rdd7 g5 45. Rh7+) 42... Rgxc5 43. Rxc5 Rxc5 44. Re2 Kg6 45. Re7 h4 46. Rd7 Rc3 47. Rc7 $2 {[%mdl 8192] [#]} (47. Kg1 $17) 47... Rxc7 {Accuracy: White = 31%, Black = 47%.} 0-1

[Event "Floripa Super Blitz 2019"]
[Site "Florianopolis"]
[Date "2019.01.23"]
[Round "4"]
[White "De Melo, Jailson Jose"]
[Black "Granda Zuniga, Julio E"]
[Result "0-1"]
[WhiteElo "2122"]
[BlackElo "2641"]
[Annotator "TA"]
[PlyCount "62"]
[EventDate "2019.01.23"]
[EventType "swiss"]
[EventCountry "BRA"]
[SourceTitle "playchess.com"]
[Source "ChessBase"]
[SourceQuality "1"]

{[%evp 10,62,17,11,15,1,27,-2,7,4,8,-6,1,-24,-26,-11,-11,-35,-7,-11,0,-28,-20,-30,0,0,0,-19,-13,-12,-13,-18,-17,-28,-21,-35,-20,-52,-48,-81,-88,-116,-99,-155,-147,-139,-137,-182,-170,-224,-220,-234,-210,-29998,-29999]} 1. e4 c5 2. Nf3 Nc6 3. d4 cxd4 4. Nxd4 e6 5. Nxc6 bxc6 6. c4 {LiveBook: 43 Games} Bc5 {B44: Sicilian: Taimanov: 5 Nb5} (6... c5 7. Nc3 d6 8. Be2 Ne7 9. O-O Nc6 10. Be3 Be7 11. f4 Rb8 12. b3 O-O 13. Qd2 a6 14. Rad1 {1-0 (51) Stambulian,A (2362)-Inarkiev,E (2694) Sochi 2017}) 7. Bd3 Ne7 {[%cal Bg8e7,Be7g6,Bg6e5][%mdl 32]} (7... d6 {is more complex.} 8. Nd2 a5 9. O-O Nf6 10. Qa4 O-O) 8. Nc3 e5 {The position is equal.} 9. O-O O-O 10. Kh1 d6 $146 ({Predecessor:} 10... Ng6 11. Qh5 d6 12. Ne2 Qh4 13. Qxh4 Nxh4 14. f4 exf4 15. Nxf4 {0-1 (39) Popovic,M-Rajkovic,D (2450) Bela Crkva 1987}) 11. f4 exf4 12. Bxf4 Ng6 13. Bg3 Ne5 14. Be2 Be6 15. b3 f6 16. Qd2 Bb4 17. a3 Ba5 {[%cal Bb4a5,Ba5c7,Bc7d6,Bd6e5][%mdl 32]} 18. Rfd1 Bc7 19. Rac1 Qe7 20. Na4 a5 21. c5 {[%cal Rc5d6]} Rfd8 22. Qc3 Rab8 (22... Bf7 {with more complications.} 23. cxd6 Bxd6 24. Nc5 h6 25. h3 Re8) 23. cxd6 Bxd6 24. Bxe5 Bxe5 25. Qxc6 Bxb3 26. Bc4+ {[#]} ({Better is} 26. Rxd8+ Rxd8 27. Nc5) 26... Bxc4 $1 $17 27. Qxc4+ Kh8 28. Rxd8+ Rxd8 ({But not} 28... Qxd8 29. Nc5 $17) 29. Nb6 (29. Nc5 $142) 29... Qxa3 $19 30. Nd5 h6 31. Qb5 $2 {[#]} (31. Rb1 $19) 31... Qxc1+ {Precision: White = 26%, Black = 61%.} 0-1

[Event "Floripa Super Blitz 2019"]
[Site "Florianopolis"]
[Date "2019.01.23"]
[Round "4"]
[White "Santos Filho, Tadeu Sousa"]
[Black "Sunye Neto, Jaime"]
[Result "0-1"]
[WhiteElo "2086"]
[BlackElo "2446"]
[Annotator "TA"]
[PlyCount "88"]
[EventDate "2019.01.23"]
[EventType "swiss"]
[EventCountry "BRA"]
[SourceTitle "playchess.com"]
[Source "ChessBase"]
[SourceQuality "1"]

{[%evp 19,87,0,14,-16,0,-29,40,26,36,0,55,-42,-41,-63,36,50,105,-33,-32,-104,-89,-234,-94,-87,-97,-97,-84,-83,-35,-64,-58,-147,-115,-129,-122,-120,-50,-42,-28,-194,-191,-202,-216,-212,-184,-265,-260,-474,-331,-389,-252,-331,-237,-493,-296,-537,-547,-504,-128,-362,-306,-469,-468,-481,-438,-1018,-945,-1311,-812,-29999]} 1. e4 c5 2. Nf3 e6 3. d4 cxd4 4. Nxd4 a6 5. Nc3 b5 6. g3 Bb7 7. Bg2 Nf6 8. a3 Qc7 9. O-O d6 10. f4 {B43: Sicilian: Kan Variation: 5 Nc3} Nbd7 {LiveBook: 8 Games} 11. Qe2 (11. g4 e5 12. Nf5 g6 13. Ne3 exf4 14. Rxf4 Bg7 15. g5 Nh5 16. Ned5 Qc5+ 17. Be3 Qxe3+ 18. Nxe3 Nxf4 19. Qxd6 {1-0 (26) Chigaev,M (2555)-Warakomski,T (2537) Katowice 2017}) 11... Rc8 12. g4 {[%cal Bg3g4,Bg4g5][%mdl 32] The position is equal.} Nb6 $146 (12... Qc4 $11 13. Qxc4 Rxc4) ({Predecessor:} 12... Qc4 13. Qxc4 Rxc4 14. g5 Rxd4 15. gxf6 Rc4 16. fxg7 Bxg7 17. Bd2 Rg8 18. Rf3 Bxc3 19. Bxc3 Bxe4 20. Rg3 Rxg3 21. hxg3 Bxc2 22. Bf1 Rc8 {0-1 (22) Schutt,R (2150)-Abdalla,L (2319) Guarapari 2012}) 13. g5 $14 Nfd7 14. Bd2 Nc4 (14... Qc5 $11 15. Be3 Nc4) 15. Bc1 (15. Nd5 $1 $14 exd5 16. exd5+ Kd8 17. Bc3) 15... g6 $15 16. f5 e5 (16... Qb6 $15 17. Qf2 gxf5) 17. Nb3 $14 Be7 ({Black should try} 17... Nxa3 $14 18. Rxa3 b4) 18. fxg6 (18. a4 $1 $16) 18... hxg6 $15 19. Qf3 (19. a4 $15) 19... Rh7 $17 20. Nd2 (20. a4 $17 {was called for.}) 20... Bxg5 (20... Qb6+ $1 $19 21. Rf2 Ne3) 21. Nxc4 Bxc1 {[#]} 22. Nxd6+ $1 {[%mdl 512]} Qxd6 23. Raxc1 Qc5+ 24. Kh1 Qe7 25. Nd5 (25. Rcd1 $15) 25... Qh4 {[%csl Gh7][%cal Rh4h2]} 26. h3 Bxd5 27. exd5 {[%cal Be4d5,Bd5d6][%mdl 32]} Rc4 (27... f5 $17 28. b3 Kf7) 28. d6 $1 $15 e4 29. Rce1 $2 (29. Qe3 $1 $11 f5 30. Rcd1) 29... f5 $19 30. Qe3 {and if Rf4 works, White does fine.} Qf6 ({Wrong is} 30... Rxc2 $2 31. Rf4 $18) 31. Qa7 Qxd6 {White must now prevent ...Nf6.} 32. Qa8+ {[#]} (32. Rd1 $142 Qc6 33. c3) 32... Ke7 $1 33. Kg1 $2 (33. c3) 33... Nf6 34. Rd1 Qc7 $40 {[%mdl 128] Black wants a kill.} 35. Rd2 e3 ({Don't play} 35... Rxc2 36. Rxc2 Qxc2 37. Qa7+ Nd7 38. Qxa6 $19) 36. Re1 $2 (36. Re2 {only move.} Qb6 37. c3) 36... f4 37. Rd3 $2 (37. c3) 37... Rxc2 38. Qf3 Rc1 $2 {[#]} (38... Kf7 $19 {and Black stays clearly on top.} 39. Rdd1 Rf2) 39. Rxc1 $2 (39. Rdxe3+ $1 $17 {[%mdl 512]} Kf8 (39... fxe3 40. Qxe3+) 40. Re6 Rxe1+ 41. Rxe1) 39... Qxc1+ 40. Kh2 (40. Bf1 {was necessary.} g5 41. Qg2) 40... Qc7 41. Kh1 g5 {[%cal Bg6g5,Bg5g4,Bg4g3][%mdl 32] aiming for ...g4.} 42. a4 (42. Kg1 $142 Qe5 43. Rd1) 42... g4 43. Qe2 Qc1+ 44. Kh2 g3# {Precision: White = 11%, Black = 44%.} 0-1

[Event "Floripa Super Blitz 2019"]
[Site "Florianopolis"]
[Date "2019.01.23"]
[Round "5"]
[White "Granda Zuniga, Julio E"]
[Black "Gauche, Charles"]
[Result "1-0"]
[WhiteElo "2641"]
[BlackElo "2241"]
[Annotator "TA"]
[PlyCount "65"]
[EventDate "2019.01.23"]
[EventType "swiss"]
[EventCountry "BRA"]
[SourceTitle "playchess.com"]
[Source "ChessBase"]
[SourceQuality "1"]

{[%evp 12,65,58,46,74,74,75,78,84,80,74,70,103,85,112,102,106,99,111,72,88,59,60,54,102,88,134,102,98,101,106,104,146,140,349,354,552,541,552,550,475,444,414,363,349,364,383,381,536,533,508,497,493,492,684,669]} 1. d4 Nf6 2. c4 g6 3. f3 Bg7 4. e4 d6 5. Nc3 Na6 6. Be3 {E80: King's Indian: Sämisch: Lines without early ...0-0} c5 7. Nge2 {LiveBook: 4 Games} cxd4 (7... O-O 8. Qd2 Nb4 9. d5 Nd7 10. a3 Qa5 11. Rc1 Na6 12. Ng3 Re8 13. Be2 Nc7 14. O-O b5 15. cxb5 a6 16. a4 {½-½ (36) Real de Azua,E (2496)-Benedetti,J (2364) Villa Martelli 2018}) 8. Nxd4 {White is better.} Nc5 9. Be2 b6 10. O-O O-O 11. Rc1 Bb7 12. Qd2 Re8 13. Rfd1 a6 $146 ({Predecessor:} 13... Qd7 14. Nd5 Rad8 15. Nb5 {1-0 (37) Koszo,A (1806)-Kecze,M (1777) Hungary 2010}) 14. Bf1 Rc8 15. Bf2 Qc7 16. Nd5 Qd8 17. b4 Ncd7 18. Nb3 Ra8 19. Qe3 Nxd5 20. cxd5 Rc8 21. Nd4 {Hoping for Nc6.} Ne5 22. a4 Qd7 $2 {[#]} (22... Rxc1 $16 23. Rxc1 Qa8) 23. b5 $18 axb5 (23... Ra8 $142 24. Nc6 Bc8 25. Qxb6 Qb7 26. Qxb7 Bxb7) 24. Bxb5 Qd8 25. Rxc8 Qxc8 26. Bxe8 Qxe8 27. Nb5 Nd7 28. Qb3 Qa8 29. Rb1 Ba6 (29... Bc8 $142 30. Nd4 Bf6) 30. Nc7 {White is clearly winning.} Qb7 31. Nxa6 Qxa6 32. Qb5 Qa7 33. a5 {Accuracy: White = 73%, Black = 19%.} 1-0